000 01418nam a2200349 a 4500
999 _c529550
_d529550
001 2000102
003 NUST
005 20190927151317.0
008 900420s1990 dcu b f000 0 eng
010 _a 90070619
020 _a0309049067 :
_c$7.00
038 _aMSOHAIL
040 _aDLC
_cDLC
050 0 0 _aTE175
_b.K66 1990
082 0 0 _a625.7250285
_220
100 1 _aKorte, George.
_921810
245 1 0 _aComputer-aided design and drafting systems /
_cGeorge Korte.
260 _aWashington, D.C. :
_bTransportation Research Board, National Research Council,
_c[1990]
300 _a24 p. ;
_c28 cm.
440 0 _aSynthesis of highway practice,
_x0547-5570 ;
_v161
_921811
500 _a"Research sponsored by the American Association of State Highway and Transportation Officials in cooperation with the Federal Highway Administration."
500 _a"August 1990."
504 _aIncludes bibliographical references (p. 24).
650 0 _aRoads
_xDesign and construction
_xData processing.
_921812
650 0 _aComputer-aided design.
_910558
650 0 _aComputer graphics.
_91225
710 2 _aNational Association of State Highway and Transportation Officials.
_921813
710 1 _aUnited States.
_bFederal Highway Administration.
_920149
906 _a7
_bcbc
_corignew
_d2
_eopcn
_f19
_gy-gencatlg
942 _2ddc
_cBK